<?xml version="1.0" encoding="UTF-8"?><?xml-stylesheet type="text/xsl" href="static/style.xsl"?><OAI-PMH xmlns="http://www.openarchives.org/OAI/2.0/" xmlns:xsi="http://www.w3.org/2001/XMLSchema-instance" xsi:schemaLocation="http://www.openarchives.org/OAI/2.0/ http://www.openarchives.org/OAI/2.0/OAI-PMH.xsd"><responseDate>2026-04-27T08:17:41Z</responseDate><request verb="GetRecord" identifier="oai:uvadoc.uva.es:10324/4480" metadataPrefix="marc">https://uvadoc.uva.es/oai/request</request><GetRecord><record><header><identifier>oai:uvadoc.uva.es:10324/4480</identifier><datestamp>2021-06-29T09:44:26Z</datestamp><setSpec>com_10324_38</setSpec><setSpec>col_10324_852</setSpec></header><metadata><record xmlns="http://www.loc.gov/MARC21/slim" xmlns:doc="http://www.lyncode.com/xoai" xmlns:xsi="http://www.w3.org/2001/XMLSchema-instance" xmlns:dcterms="http://purl.org/dc/terms/" xsi:schemaLocation="http://www.loc.gov/MARC21/slim http://www.loc.gov/standards/marcxml/schema/MARC21slim.xsd">
<leader>00925njm 22002777a 4500</leader>
<datafield tag="042" ind1=" " ind2=" ">
<subfield code="a">dc</subfield>
</datafield>
<datafield tag="720" ind1=" " ind2=" ">
<subfield code="a">García de Nó, Julia</subfield>
<subfield code="e">author</subfield>
</datafield>
<datafield tag="260" ind1=" " ind2=" ">
<subfield code="c">2013</subfield>
</datafield>
<datafield tag="520" ind1=" " ind2=" ">
<subfield code="a">En este trabajo se estudia el comportamiento de los sistemas dinámicos holomorfos locales alrededor del origen, estrechamente relacionados con la construcción de una serie de resultados. El trabajo consta de dos partes: la primera es un estudio de los sistemas dinámicos linealizables, con los teoremas de Poincaré, del dominio invariente y de Siegel. En la segunda se estudian los sistemas tangentes a la identidad con el teorema de la Flor.</subfield>
</datafield>
<datafield tag="024" ind2=" " ind1="8">
<subfield code="a">http://uvadoc.uva.es/handle/10324/4480</subfield>
</datafield>
<datafield ind1=" " ind2=" " tag="653">
<subfield code="a">Poincaré, teorema de</subfield>
</datafield>
<datafield ind1=" " ind2=" " tag="653">
<subfield code="a">Sistemas dinámicos</subfield>
</datafield>
<datafield ind1=" " ind2=" " tag="653">
<subfield code="a">Fractales</subfield>
</datafield>
<datafield tag="245" ind1="0" ind2="0">
<subfield code="a">Las matemáticas en el mundo de los fractales. Dinámica compleja</subfield>
</datafield>
</record></metadata></record></GetRecord></OAI-PMH>